00261nam a2200097Ia 4500008004000000082001600040100002300056245002800079260004800107300000800155210210b2000 xxu||||| |||| 00| 0 eng d a823.91 POWU aPOWER (Phyllis M). aUnder Australian skies. aLondon.bAbbey Rewards Cresta House.,c2000 a200